Normal view
MARC view
- Dutson,T.R.
Entry Personal Name
001 - CONTROL NUMBER
- control field: 691
003 - CONTROL NUMBER IDENTIFIER
- control field: OSt
005 - DATE AND TIME OF LATEST TRANSACTION
- control field: 20160630154050.0
008 - FIXED-LENGTH DATA ELEMENTS
- fixed length control field: 160630|| aca||aabn | a|a d
040 ## - CATALOGING SOURCE
- Original cataloging agency: OSt
- Transcribing agency: OSt
100 ## - HEADING--PERSONAL NAME
- Personal name: Dutson,T.R.
670 ## - SOURCE DATA FOUND
- Source citation: Work cat.: (OSt): Haccp In Meat, Poultry And Fish Processing: Advance in Meat Research Series Volume -10, 1999
